书目信息 |
| 题名: |
我的巧克力地盘
|
|
| 作者: | 李俊涛 编著 | |
| 分册: | ||
| 出版信息: | 北京 中国地图出版社 2005.12 |
|
| 页数: | 103页 | |
| 开本: | 21cm | |
| 丛书名: | ||
| 单 册: | ||
| 中图分类: | TS246.5 | |
| 科图分类: | ||
| 主题词: | 巧克力粮--普及读物 | |
| 电子资源: | ||
| ISBN: | 7-5031-4114-X | |
| 000 | 00754nam0 2200217 450 | |
| 001 | 251592 | |
| 005 | 20100714172813.00 | |
| 010 | @a7-5031-4114-X@dCNY28.00 | |
| 100 | @a20100515d2005 km y0chiy0120 ea | |
| 101 | 0 | @achi |
| 102 | @aCN@b110000 | |
| 105 | @aa z 000yy | |
| 200 | 1 | @a我的巧克力地盘@Awo de qiao ke li di pan@f李俊涛编著@Fli jun tao bian zhu |
| 210 | @a北京@c中国地图出版社@d2005.12 | |
| 215 | @a103页@c彩图@d21cm | |
| 330 | @a本书在巧克力的由来、巧克力的脱变过程、推动巧克力发展的重点人物、世界知名巧克力品牌、巧克力的异域风情及世界各地不同风格的巧克力博物馆等方面向读者做了重点介绍。 | |
| 606 | 0 | @a巧克力粮@x普及读物 |
| 690 | @aTS246.5@v4 | |
| 701 | 0 | @a李俊涛@Ali jun tao@4编著 |
| 801 | 0 | @aCN@c20100515 |
| 905 | @dTS246.5@eL180@f3 | |
| 我的巧克力地盘/李俊涛编著.-北京:中国地图出版社,2005.12 |
| 103页:彩图;21cm |
| ISBN 7-5031-4114-X:CNY28.00 |
| 本书在巧克力的由来、巧克力的脱变过程、推动巧克力发展的重点人物、世界知名巧克力品牌、巧克力的异域风情及世界各地不同风格的巧克力博物馆等方面向读者做了重点介绍。 |
| ● |
| 相关链接 |
|
|
|
正题名:我的巧克力地盘
索取号:TS246.5/L180
 
预约/预借
| 序号 | 登录号 | 条形码 | 馆藏地/架位号 | 状态 | 备注 |
| 1 | 992481 | 209924812 | 自科库501/501自科库 42排1列1层/ [索取号:TS246.5/L180] | 在馆 | |
| 2 | 992482 | 209924821 | 期刊室512/501自科库 42排1列1层/ [索取号:TS246.5/L180] | 在馆 | |
| 3 | 992483 | 209924830 | 自科库501/501自科库 42排1列1层/ [索取号:TS246.5/L180] | 在馆 |